| 000 | 01973nam a2200469 i 4500 | ||
|---|---|---|---|
| 001 | 193009 | ||
| 003 | SpMaBN | ||
| 005 | 20240529062956.0 | ||
| 007 | ta | ||
| 008 | 230722s2006 sp | o||| ||spa | ||
| 016 | 7 |
_abimoBNE20061059757 _2SpMaBN |
|
| 017 |
_aH 70-2006 _bOficina Depósito Legal Huelva |
||
| 020 | _a8481633976 | ||
| 035 | _a(OCoLC)733719994 | ||
| 035 | _abimo0002141930 | ||
| 040 |
_aSpMaBN _bspa _cSpMaBN _erdc _dES-MaACL |
||
| 080 | _a338.45(460.354 Isla Cristina)"18/19" | ||
| 080 | _a308(460.354 Isla Cristina)"18/19" | ||
| 080 | _a721(460.354 Isla Cristina) | ||
| 100 | 1 |
_aLópez Márquez, Vicente, _d1965- _9233794 _eaut |
|
| 245 | 1 | 0 |
_aIsla Cristina : _bpor los caminos de la historia / _cVicente López Márquez. |
| 260 |
_a[Huelva] : _bDiputación de Huelva, Servicio de Publicaciones, _c2006. |
||
| 300 |
_a445 páginas : _bilustraciones (blanco y negro y color), mapas ; _c24 cm |
||
| 336 |
_2rdacontent _aTexto |
||
| 337 |
_2rdamedia _asin mediación |
||
| 338 |
_2rdacarrier _avolumen |
||
| 500 | _aÍndice | ||
| 500 | _aEn portada: "Cumplimos 250 años, Isla Cristina" | ||
| 504 | _aBibliografía: páginas 441-445 | ||
| 505 | _aApéndice A. El enigma de la ermita de Ntra. Señora de la Soledad / por Agustín P. Figuereo. Apéndice B. Aquel Rosario de 1852 / por Jesús Bogarín Díaz | ||
| 610 | 2 | 0 |
_9236687 _aErmita de Nuestra Señora de la Soledad (Isla Cristina) |
| 650 | 0 |
_aPesca- _zIsla Cristina _2embne _9233795 |
|
| 650 | 0 |
_aArquitectura- _zIsla Cristina _9233796 |
|
| 651 | 0 |
_aIsla Cristina- _xSituación social _9233797 |
|
| 700 | 1 |
_2Figuereo _9236685 _aFiguereo, Agustín P., _d1979- _eaut |
|
| 700 | 1 |
_9236686 _aBogarín Díaz, Jesús, _d1961- _eaut |
|
| 710 | 1 |
_94624 _aHuelva (Provincia). _bDiputación Provincial _eedt |
|
| 852 |
_aES-MaACL _bR.153200 _cDEPOJ _hDonación: Editorial _jN-8505 _9200315 |
||
| 942 |
_n0 _cMONOGRAFIA |
||
| 999 |
_c193009 _d193009 |
||